[Event "FIDE WCCC U12 2018"]
[Site "Santiago de Compostela"]
[Date "2018.11.04"]
[Round "1"]
[White "Gukesh D"]
[Black "Kovac, Petar"]
[Result "1-0"]
[WhiteElo "2457"]
[BlackElo "1696"]
[Annotator "TA"]
[PlyCount "61"]
[EventDate "2018.11.04"]
[EventType "swiss"]
[EventCountry "ESP"]
[SourceTitle "playchess.com"]
[Source "ChessBase"]
[SourceQuality "1"]

{[%evp 14,61,4,0,22,19,22,12,7,8,35,18,66,60,52,64,91,73,112,120,125,128,145,116,114,116,99,108,102,116,268,242,520,493,472,466,944,933,1101,1114,1205,1161,1043,1023,2059,2076,2559,2512,2105,2179]} 1. b3 e5 2. Bb2 Nc6 3. e3 g6 4. d4 exd4 5. exd4 (5. Nf3 Bg7 6. Nxd4 Nf6 7. Be2 O-O 8. O-O Nxd4 9. Bxd4 d5 10. c4 dxc4 11. Bxc4 Qd6 12. Bb2 {1-0 (45) Nakamura,H (2787)-Andreikin,D (2712) Moscow 2018}) 5... Bg7 6. Nf3 {A01: Nimzowitsch-Larsen Opening} Nge7 7. Be2 O-O 8. O-O {LiveBook: 4 Games. The position is equal.} d5 9. c3 Re8 10. Nbd2 {[%cal Bb1d2,Bd2f1,Bf1g3,Bg3e2,Be2f4][%mdl 32]} Nf5 11. Re1 h6 $146 ({Predecessor:} 11... Qd6 12. Qc2 Bd7 {½-½ (27) Andreasson,I (2401)-Degerman,L (2498) Sweden 2004}) 12. Nf1 g5 13. Qc2 g4 14. N3d2 Nd6 15. Bd3 Be6 16. Ng3 Qg5 17. Ndf1 f5 18. Bc1 Qg6 19. Ne2 Qf7 20. Nf4 Bd7 21. Ba3 Ne4 $2 {[#]} (21... b5 $16) 22. Nxd5 $1 {[%mdl 512]} Nxd4 $2 ({Avoid the trap} 22... Qxd5 $2 23. Bc4 $18) (22... Rac8 23. Nf4 (23. Bxe4 fxe4 24. Nde3 h5 $16) 23... Kh7) 23. cxd4 $18 {White is clearly winning.} Bxd4 24. Nfe3 {[%cal Bf1e3,Be3d5,Bd5f6][%mdl 32]} ({Weaker is} 24. Bxe4 Bxa1 25. Nxc7 Rac8 $18) 24... Nxf2 (24... Be6 $142 25. Nxc7 Rac8) 25. Qxf2 f4 26. Nxf4 b5 27. Bb2 Bxb2 28. Qxb2 {[#] And now Ned5 would win.} Qxf4 29. Nd5 Qd6 30. Nf6+ Kf7 31. Rf1 {Precision: White = 89%, Black = 28%.} 1-0

[Event "FIDE WCCC U12 2018"]
[Site "Santiago de Compostela"]
[Date "2018.11.04"]
[Round "1"]
[White "Murzin, Volodar"]
[Black "Chubakov, Sultan"]
[Result "1-0"]
[WhiteElo "2340"]
[BlackElo "1686"]
[Annotator "TA"]
[PlyCount "52"]
[EventDate "2018.11.04"]
[EventType "swiss"]
[EventCountry "ESP"]
[SourceTitle "playchess.com"]
[Source "ChessBase"]
[SourceQuality "1"]

{[%evp 20,52,41,39,76,85,68,33,56,45,57,35,41,25,110,82,120,104,292,236,216,217,398,386,393,376,489,515,894,908,912,912,903,852,29992]} 1. e4 c5 2. Nf3 e6 3. g3 Nc6 4. Bg2 d5 5. exd5 exd5 6. d4 Nf6 7. O-O Be7 8. Nc3 O-O 9. dxc5 Bxc5 10. a3 {B40: Sicilian: 2...e6, Unusual lines} a6 11. b4 {LiveBook: 3 Games} Ba7 {[#]} 12. Bg5 $1 {White is better.} Be6 13. Rb1 $146 ({Predecessor:} 13. Bxf6 Qxf6 14. Nxd5 Bxd5 15. Qxd5 Rad8 16. Qb3 Rfe8 17. Rae1 h6 {1-0 (26) Zvjaginsev,V (2644)-Yudin,S (2525) Cheliabinsk 2018}) 13... Rc8 14. Bxf6 gxf6 15. Ne2 Ne5 16. Nf4 Nc4 (16... Kh8 $11) 17. Rb3 d4 18. Nh4 Ne5 $2 (18... Nd6 $16) 19. Nxe6 ({Weaker is} 19. Bxb7 Bxb3 20. cxb3 (20. Bxc8 Qxc8 21. cxb3 d3 $14) 20... Rc7 $16) 19... fxe6 20. Bxb7 Qb6 $2 (20... Rc7) 21. Bxc8 $18 Rxc8 22. Nf3 {[#] aiming for Nxe5.} Nc4 23. c3 {White is clearly winning.} dxc3 (23... Qd6 $142 24. cxd4 Nb6) 24. Rxc3 Nd6 25. Rxc8+ Nxc8 26. Qd7 Qd8 {Precision: White = 56%, Black = 20%.} 1-0

[Event "FIDE WCCC U12 2018"]
[Site "Santiago de Compostela"]
[Date "2018.11.04"]
[Round "1"]
[White "Tugstumur, Yesuntumur"]
[Black "Guia, Artur Solovyov Eloy"]
[Result "1-0"]
[WhiteElo "2331"]
[BlackElo "1674"]
[Annotator "TA"]
[PlyCount "81"]
[EventDate "2018.11.04"]
[EventType "swiss"]
[EventCountry "ESP"]
[SourceTitle "playchess.com"]
[Source "ChessBase"]
[SourceQuality "1"]

{[%evp 21,81,66,91,71,86,81,85,83,120,107,105,77,75,70,87,85,88,57,97,89,88,94,85,63,68,18,138,96,141,103,188,183,191,177,213,215,216,206,195,164,220,208,232,190,185,160,166,130,333,341,302,272,407,414,723,712,653,658,1087,1068,2593,2733]} 1. d4 Nf6 2. c4 e6 3. Nf3 d5 4. g3 Bb4+ 5. Bd2 a5 6. Bg2 O-O 7. O-O dxc4 {E11: Bogo-Indian} 8. Qc2 b5 9. a4 {[%cal Ba2a4,Ba4b5][%mdl 32]} c6 10. axb5 Bxd2 11. Nfxd2 Qxd4 {LiveBook: 3 Games} 12. bxc6 Nd5 13. c7 $146 {[#] Black must now prevent e3.} ({Predecessor:} 13. Ra4 Ba6 14. Nxc4 Nxc6 15. Bxd5 Qxd5 {½-½ (31) Le,Q (2705)-Bukavshin,I (2522) Moscow 2013}) 13... Na6 14. Rxa5 Naxc7 15. Rxa8 ({Resist} 15. Qxc4 $6 Qxb2 16. Rxa8 Nxa8 $14) 15... Nxa8 16. Nxc4 Ba6 17. b3 Rc8 18. Rd1 Qc5 19. e4 (19. Nbd2 {is more complex.} Nab6 20. Rc1 Nb4 21. Qb2 f5 22. Ra1) 19... Ndb6 {[%cal Rb6c4]} 20. Ne3 {[#] Threatens to win with Qxc5.} Qxc2 21. Nxc2 Kf8 22. Nba3 Rc3 $1 23. Nd4 g6 (23... e5 $1 $11 {remains equal.} 24. Nab5 Rc5) 24. f4 $36 {[%mdl 2048] White is really pushing.} Ke7 25. e5 Nd5 (25... Bd3 $16 {keeps fighting.}) 26. Bxd5 $18 exd5 27. Nac2 Bd3 28. Nb4 Be4 29. Kf2 Nc7 30. Ra1 Ne6 (30... h5 {might work better.} 31. Ra7 Ke8) 31. Nbc6+ Kf8 32. Nxe6+ fxe6 {[%mdl 4096] Endgame KRB-KRN} 33. Nd4 Bf5 34. Ke2 Bg4+ $2 (34... h6 $16 {was worth a try.} 35. Ra4 g5) 35. Kd2 Rc7 36. Ra8+ Kf7 (36... Ke7 {was called for.} 37. Rh8 h5) 37. Nb5 Re7 (37... Rc6 $142 38. Nd6+ Ke7 39. Ra7+ Kd8 40. Rxh7 Bf5 41. Nxf5 gxf5) 38. b4 {[%cal Bb3b4,Bb4b5][%mdl 32] White is clearly winning.} Kg7 39. Nd6 Bf5 40. b5 Rc7 41. Ne8+ {Precision: White = 73%, Black = 24%.} 1-0

[Event "FIDE WCCC U12 2018"]
[Site "Santiago de Compostela"]
[Date "2018.11.04"]
[Round "1"]
[White "Lazavik, Denis"]
[Black "Ribera Veganzones, Serni"]
[Result "1-0"]
[WhiteElo "2235"]
[BlackElo "1658"]
[Annotator "TA"]
[PlyCount "111"]
[EventDate "2018.11.04"]
[EventType "swiss"]
[EventCountry "ESP"]
[SourceTitle "playchess.com"]
[Source "ChessBase"]
[SourceQuality "1"]

{[%evp 18,111,29,23,15,12,22,0,0,-4,-6,-5,-6,-35,-23,-32,-33,-38,-13,-16,-19,-25,0,0,0,0,0,0,0,0,0,0,0,-22,0,-12,0,0,0,0,0,0,42,17,17,0,0,0,0,0,17,0,24,31,42,26,68,0,0,0,26,12,62,71,91,91,98,21,21,20,67,62,67,63,64,54,61,60,75,59,53,57,42,24,59,26,112,32,129,129,120,113,29980,29981,29981,29982]} 1. d4 f5 2. Nf3 Nf6 3. g3 g6 4. Bg2 Bg7 5. O-O O-O 6. b3 b6 7. Bb2 Bb7 8. c4 e6 9. Nc3 Ne4 10. Qc2 {LiveBook: 3 Games. A81: Dutch Defence: 2 g3} Nxc3 11. Bxc3 Qe7 12. Rfd1 {The position is equal.} d6 13. d5 Bxc3 14. Qxc3 e5 15. h4 $146 ({Predecessor:} 15. Qe3 Na6 16. Ng5 f4 17. gxf4 Rxf4 {0-1 (31) Buckels,V (2309)-Piorun,K (2651) Karlsruhe 2017}) 15... h6 16. e4 Bc8 17. exf5 Bxf5 18. Nh2 a5 19. a3 g5 20. hxg5 Qxg5 21. Nf3 Qg7 22. Nh4 Bh7 23. Ra2 Nd7 {[%cal Bb8d7,Bd7f6,Bf6g4][%mdl 32]} 24. Re2 Nf6 25. b4 axb4 26. axb4 Ng4 27. c5 bxc5 28. bxc5 Ra6 29. Qb4 Rfa8 30. cxd6 cxd6 31. Bh3 h5 32. Rc1 Bd3 33. Rd2 e4 34. Nf5 Qg5 35. Bxg4 $1 hxg4 36. Ne3 Qg6 37. Qd4 (37. Qb7 $14 R6a7 38. Rc8+ Rxc8 39. Qxc8+ Kh7 40. Rb2 (40. Qxg4 Qxg4 41. Nxg4 Kg6 $14)) 37... R6a7 $11 38. Ng2 Qg5 39. Qe3 Qxd5 (39... Qh5 {is more complex.} 40. Nf4 Qh6 41. Nxd3 Qxe3 42. fxe3 exd3 43. Rxd3 Ra4) 40. Nf4 Qf5 41. Nxd3 exd3 42. Qxd3 (42. Rxd3 $16 Qe5 43. Qh6) 42... Qxd3 43. Rxd3 $16 {[%mdl 4096] Endgame KRR-KRR} Rd8 44. Rd4 Rg7 $1 45. Rcc4 d5 46. Ra4 Kf7 47. Ra7+ Kf8 48. Rxg7 Kxg7 49. Rxg4+ {KR-KR} Kf6 50. Kf1 Kf5 51. Rb4 Re8 (51... Ke5 $11) 52. Rb2 ({Better is} 52. g4+ $16 Ke6 53. Ke2) 52... Kg4 (52... Ra8 $14) 53. Re2 Rc8 54. Kg2 Rd8 $2 {[%mdl 8192] [#]} (54... Kf5 $16) 55. Re5 {[%csl Gg2][%cal Rf2f3]} Rf8 56. Rxd5 {Precision: White = 66%, Black = 41%.} 1-0

[Event "FIDE WCCC U12 2018"]
[Site "Santiago de Compostela"]
[Date "2018.11.04"]
[Round "1"]
[White "Tashev, Aleksandar"]
[Black "Villanueva Marquez, Santiago"]
[Result "1-0"]
[WhiteElo "2211"]
[BlackElo "1639"]
[Annotator "TA"]
[PlyCount "59"]
[EventDate "2018.11.04"]
[EventType "swiss"]
[EventCountry "ESP"]
[SourceTitle "playchess.com"]
[Source "ChessBase"]
[SourceQuality "1"]

{[%evp 10,59,5,-13,2,7,22,16,27,18,26,-9,57,0,55,54,52,60,124,131,139,117,166,166,170,168,168,168,168,159,156,112,202,194,302,284,490,488,474,458,560,552,627,622,682,679,748,744,960,933,29986,29987]} 1. d4 Nf6 2. Nf3 g6 3. Bf4 Bg7 4. e3 O-O 5. Nbd2 d6 6. Be2 {LiveBook: 21 Games} Bf5 {A48: 1 d4 Nf6 2 Nf3 g6: Torre, London and Colle Systems} (6... c5 7. c3 Nc6 8. h3 cxd4 9. exd4 e5 10. dxe5 dxe5 11. Nxe5 Nd5 12. Nxc6 bxc6 13. Bg3 Re8 14. O-O Bxc3 15. Bc4 Bxb2 16. Rb1 Bg7 17. Qf3 Qf6 {½-½ (30) Kovalev,V (2595)-Segarra,R (2304) Subic Bay 2016}) 7. O-O Nbd7 8. Bg3 $146 ({Predecessor:} 8. c3 c6 9. Re1 Ne4 10. Nxe4 Bxe4 11. Nd2 Nf6 12. Nxe4 Nxe4 13. f3 {1-0 (47) Tamassy,Z (2275)-Bajusz,G (2105) Budapest 1995}) 8... Rc8 {The position is equal.} 9. c4 c5 10. d5 Qb6 (10... Nh5 $11 11. e4 Nxg3 12. hxg3 Bg4) 11. b3 ({White should try} 11. Nh4 $1 $14) 11... Ne4 (11... Nh5 $11) 12. Nxe4 $14 Bxe4 13. Nd2 Bxa1 (13... Nf6 $1 $14) 14. Qxa1 $16 Nf6 15. Bh4 Bf5 16. Bxf6 exf6 {[#]} 17. g4 $1 Qa5 18. Qb2 Bxg4 ({Not} 18... Bd7 $2 19. Ne4 $18) 19. Bxg4 f5 20. Bh3 Qd8 {[#]} (20... Rce8 $16 21. Bg2 Qd8) 21. Kh1 $1 $18 f6 (21... Qg5 {was necessary.} 22. e4 Rcd8 23. Bxf5 Qf4) 22. e4 fxe4 $2 (22... Qe7 {is a better defense.} 23. Rg1 (23. exf5 g5 $18) 23... Ra8) 23. Bxc8 Qxc8 24. Nxe4 Qf5 25. f3 Qh3 {[%cal Rh3f1]} 26. Qg2 Qd7 27. Qg3 f5 28. Qxd6 Qg7 29. Ng5 {Strongly threatening Ne6.} Qb2 30. Qe7 {Precision: White = 76%, Black = 17%.} 1-0

[Event "FIDE WCCC U12 2018"]
[Site "Santiago de Compostela"]
[Date "2018.11.04"]
[Round "1"]
[White "Zhou, Liran"]
[Black "Tamer, Ahmed"]
[Result "0-1"]
[WhiteElo "2186"]
[BlackElo "1625"]
[Annotator "TA"]
[PlyCount "72"]
[EventDate "2018.11.04"]
[EventType "swiss"]
[EventCountry "ESP"]
[SourceTitle "playchess.com"]
[Source "ChessBase"]
[SourceQuality "1"]

{[%evp 16,72,12,27,15,20,12,27,23,20,28,27,32,0,0,0,41,-39,-34,-34,0,0,0,-142,-60,-193,-177,-195,-214,-390,-391,-360,216,-283,-290,-864,-854,-1225,-1258,-2575,-2496,-3817,-2861,-29968,-29961,-29976,-29978,-29989,-29975,-29988,-29979,-29979,-29978,-29974,-29975,-29982,-29972,-29983,-29984]} 1. e4 d6 2. d4 Nf6 3. Nc3 g6 4. Be3 Bg7 5. Qd2 c6 6. f3 b5 {[%cal Bb7b5,Bb5b4][%mdl 32]} 7. O-O-O Nbd7 8. Kb1 {B07: Pirc Defence: Miscellaneous Systems} Nb6 9. Bh6 {LiveBook: 3 Games} (9. Bd3 O-O 10. Bh6 e5 11. Nce2 a6 12. h4 exd4 13. Bxg7 Kxg7 14. h5 c5 15. hxg6 fxg6 {0-1 (32) Amonatov,F (2615)-Harsha,B (2492) Ahmedabad 2018}) 9... Bxh6 10. Qxh6 {The position is equal.} b4 11. Nce2 $1 a5 12. g4 $146 ({Predecessor:} 12. Nc1 Ba6 13. Nh3 Bxf1 14. Rhxf1 Nc4 15. Rd3 {1-0 (27) Michna,C (2273)-Fernandez Rivera,I (1839) Getxo 2017}) 12... a4 13. Nf4 b3 14. g5 (14. cxb3 axb3 15. axb3 Nbd7 $16) 14... bxc2+ 15. Kxc2 Nfd7 (15... Nh5 $5 16. Nxh5 gxh5 $14) 16. Qg7 ({White should play} 16. h4 $1 $14 e5 17. dxe5 dxe5 18. Nxg6 (18. Qg7 Ke7 $11) 18... fxg6 19. h5 (19. Qg7 Rf8 $14)) 16... Rf8 $15 17. Qxh7 Ba6 18. Bxa6 Rxa6 19. Rd3 (19. Nxg6 $1 $11 Nc4 20. Nxf8 Ne3+ 21. Kb1 Nxf8 22. Qh3 Nxd1 23. Qf1) 19... c5 (19... Qb8 $1 $17 20. Rc3 e5 21. dxe5 Nxe5) 20. Nxg6 ({Better is} 20. Nge2 $1 $15 cxd4 21. Nxd4) 20... Qb8 $19 {aiming for ...Nc4.} 21. Nxf8 Nxf8 22. Qh8 $2 (22. Qh3 {only move.} Nc4 23. Rc3 Qxb2+ 24. Kd3) 22... Nc4 $1 23. d5 {Strongly threatening Qc3.} Ne5 $4 {[%mdl 8192] [#]} (23... f6 $1 $19 {and life is good for Black.} 24. b4 (24. gxf6 $2 Qxb2+ 25. Kd1 Qb1+ 26. Ke2 Qc2+ 27. Ke1 Qxd3 $19) (24. Qh5+ $2 Kd8 $19) 24... Qxb4 25. Qh5+ Kd8) 24. Rd2 $4 {[%mdl 8192] [#]} (24. Ne2 $1 $18) 24... Rb6 $1 {[%cal Rb6b2]} 25. Kc1 $2 {[#]} (25. Ne2 Rxb2+ 26. Kd1) 25... a3 $1 {[%mdl 512]} 26. b3 (26. bxa3 Rb1+) 26... c4 27. g6 fxg6 28. Kd1 cxb3 29. axb3 Rxb3 {Black mates.} 30. Ke2 Rb2 31. Qh3 Qb5+ 32. Ke1 Rxd2 33. Kxd2 Qd3+ 34. Ke1 a2 35. Qc8+ Kf7 36. Qc1 Qb1 {Precision: White = 20%, Black = 68%.} 0-1

[Event "FIDE WCCC U12 2018"]
[Site "Santiago de Compostela"]
[Date "2018.11.04"]
[Round "1"]
[White "Aizenberg, Benny"]
[Black "Makhmudjonov, Davlatbek"]
[Result "0-1"]
[WhiteElo "2164"]
[BlackElo "1608"]
[Annotator "TA"]
[PlyCount "95"]
[EventDate "2018.11.04"]
[EventType "swiss"]
[EventCountry "ESP"]
[SourceTitle "playchess.com"]
[Source "ChessBase"]
[SourceQuality "1"]

{[%evp 18,95,15,-8,81,-15,0,0,7,0,0,0,32,31,90,87,107,122,129,116,131,68,62,60,66,65,69,63,65,57,125,118,108,105,144,0,0,0,0,0,0,0,9,-312,-311,-302,-302,-304,-280,-293,-292,-298,-311,-291,-291,-376,-373,-473,-473,-462,-458,-1118,-1062,-1177,-995,-1475,-572,-29958,-29949,-29974,-29969,-29968,-29969,-29969,-29970,-29966,-29965,-29979,-29980,-29979]} 1. e4 e5 2. Nf3 Nc6 3. Bb5 a6 4. Ba4 Nf6 5. O-O b5 6. Bb3 Bc5 7. Nxe5 Nxe5 8. d4 Bxd4 9. Qxd4 d6 10. f4 {LiveBook: 67 Games} Ng6 {C78: Ruy Lopez: Archangelsk and Möller Defences} (10... c5 $11 {remains equal.} 11. Qd2 Neg4) (10... c5 11. Qd2 c4 12. fxe5 Qb6+ 13. Qe3 Qxe3+ 14. Bxe3 dxe5 15. Bxc4 bxc4 16. Nc3 Rb8 17. b3 Bb7 18. Rf5 {0-1 (47) Mosadeghpour,M (2469)-Shirov,A (2656) Bandar e Anzali 2017}) 11. c3 (11. e5 $1 $16 {[%cal Re5f6]} dxe5 12. Qxd8+ Kxd8 13. fxe5 Nxe5 14. Bg5) 11... O-O 12. e5 $146 ({Predecessor:} 12. Nd2 Qe7 13. Bd5 Nxd5 14. exd5 Bb7 15. b3 Rfe8 16. c4 bxc4 17. bxc4 Rab8 18. Nb3 Qe4 {½-½ (36) Hajek,J (1971)-Iwanow,A Marianske Lazne 2005}) 12... c5 {The position is equal.} 13. Qxd6 Qxd6 14. exd6 Rd8 15. a4 $36 {[%mdl 2048] aiming for axb5. White has the initiative.} b4 (15... Bb7 $14) 16. Be3 $16 Rb8 17. cxb4 cxb4 {[#]} 18. Nd2 $1 Bb7 {[#]} 19. f5 (19. Nc4 $1 $16) 19... Ne5 $14 20. Nc4 Nxc4 21. Bxc4 Rbc8 22. b3 Rxd6 23. Rad1 Rdd8 ({Black should try} 23... Rcd8 $14 24. Rxd6 Rxd6) 24. Bb6 $16 Re8 25. Rfe1 h6 26. Ba5 (26. Rxe8+ $16 Rxe8 27. Ba5) 26... Rxe1+ $11 27. Rxe1 {Threatens to win with Rd1.} Bd5 $1 {[%cal Rd5c4]} 28. Bxd5 Nxd5 {[%mdl 4096] Endgame KRB-KRN} 29. Re5 Nf4 30. Bxb4 $2 {[%mdl 8192]} (30. Re4 $11 Nd3 31. h3) 30... Nd3 $1 $19 {[%csl LRb4,LRe5]} 31. Re4 Rc1+ 32. Be1 Nxe1 {KRN-KR} 33. Kf2 Nd3+ 34. Ke3 Nc5 35. Re8+ Kh7 36. Rb8 Rb1 37. b4 Nxa4 38. Rb7 {[#]} a5 $1 {[%cal Ba6a5,Ba5b4,Bb4b3,Bb3b2][%mdl 32]} 39. Rxf7 (39. b5 $142) (39. bxa5 Rxb7) 39... axb4 40. f6 Kg8 41. Rxg7+ Kf8 {Strongly threatening ...b3.} 42. Rb7 b3 {Black mates.} 43. Kf4 Rf1+ 44. Ke5 b2 45. Rb8+ Kf7 46. Rb7+ Kg6 47. g4 Re1+ 48. Kd4 {Precision: White = 41%, Black = 53%.} 0-1

[Event "FIDE WCCC U12 2018"]
[Site "Santiago de Compostela"]
[Date "2018.11.04"]
[Round "1"]
[White "Grebnev, Aleksey"]
[Black "Guipi Bopala, Prince Eric Jr"]
[Result "1-0"]
[WhiteElo "2151"]
[BlackElo "1607"]
[Annotator "TA"]
[PlyCount "67"]
[EventDate "2018.11.04"]
[EventType "swiss"]
[EventCountry "ESP"]
[SourceTitle "playchess.com"]
[Source "ChessBase"]
[SourceQuality "1"]

{[%evp 21,67,3,0,-6,1,4,14,0,0,-18,-18,-13,-20,-1,13,-9,0,0,0,0,0,-16,-19,-22,0,-16,0,-13,225,220,226,222,343,335,340,330,894,889,29996,2902,29995,29995,29995,29996,29996,29997,29997,29998]} 1. e4 e5 2. Nf3 Nc6 3. Bb5 {[%cal Bf1b5,Bb5a4,Ba4b3,Bb3a2][%mdl 32]} a6 4. Ba4 Nf6 5. O-O Be7 6. Re1 b5 7. Bb3 O-O 8. h3 d6 9. a3 Na5 {C90: Closed Ruy Lopez with 7...d6: Early deviations} 10. Ba2 c5 11. d3 (11. Nc3 Nc6 12. d3 h6 13. Bd2 Rb8 14. Rb1 a5 15. a4 b4 16. Nb5 Re8 17. c3 {½-½ (67) Harikrishna,P (2766)-Wojtaszek,R (2750) Wijk aan Zee 2017 CBM 177 [Sagar Shah]}) 11... Nc6 {LiveBook: 3 Games. The position is equal.} 12. Nbd2 h6 13. Nf1 Re8 14. Ng3 Bf8 {[#]} 15. Nh4 $146 ({Predecessor:} 15. c3 Be6 16. Bxe6 Rxe6 {1-0 (50) Korneev,O (2533)-Balajayeva,K (2338) Nakhchivan 2018}) 15... Be6 16. Nhf5 Bxa2 17. Rxa2 Kh7 18. c3 g6 19. Ne3 Bg7 20. Qf3 Qd7 21. Ng4 Nxg4 22. hxg4 Rad8 23. Be3 Bf8 24. Raa1 d5 $2 (24... Kg7 $11) 25. exd5 $18 Qxd5 26. Ne4 {[#] Hoping for Nf6+.} Kh8 (26... Be7 $142 27. Bxc5 Qe6 28. Bxe7 Rxe7) 27. Qf6+ Bg7 28. Qh4 Qxd3 $2 (28... f5) 29. Bxh6 {White wants to mate with Nf6.} Rb8 30. g5 (30. Nf6 $142 Qh3 31. gxh3 Bxf6 32. Qxf6+ Kh7 33. Qg7#) 30... Re6 31. Bxg7+ {White mates.} Kxg7 32. Qh6+ Kg8 33. Nf6+ Rxf6 34. gxf6 {Precision: White = 44%, Black = 29%.} 1-0

[Event "FIDE WCCC U12 2018"]
[Site "Santiago de Compostela"]
[Date "2018.11.04"]
[Round "1"]
[White "Chyzy, Jakub"]
[Black "Periotto Miori, Fabrizio Lautaro"]
[Result "1-0"]
[WhiteElo "2136"]
[BlackElo "1596"]
[Annotator "TA"]
[PlyCount "81"]
[EventDate "2018.11.04"]
[EventType "swiss"]
[EventCountry "ESP"]
[SourceTitle "playchess.com"]
[Source "ChessBase"]
[SourceQuality "1"]

{[%evp 20,81,-6,-22,0,-22,0,16,67,-41,-45,-35,9,11,83,9,0,0,0,0,0,15,0,-65,-86,-64,1779,1969,29977,1898,1804,1783,1821,1771,1600,1636,1829,1785,29980,29981,29981,29977,29986,29984,29984,29985,29985,29986,29988,29989,29990,29991,29991,29992,29992,29993,29995,29996,29997,29996,29998,29998,29998,29999]} 1. e4 c5 2. Nf3 d6 3. d4 cxd4 4. Qxd4 Nc6 5. Bb5 Bd7 6. Bxc6 Bxc6 7. Nc3 Nf6 8. Bg5 e6 9. O-O-O Be7 10. Rhe1 O-O 11. Kb1 {LiveBook: 317 Games} Re8 {B53: Sicilian: 2...d6: Lines with Qxd4} 12. Qd2 b5 $146 ({Predecessor:} 12... h6 13. Bf4 e5 14. Bg3 b5 15. Bh4 Qb6 16. Bxf6 Bxf6 17. Qe2 Be7 18. Nd5 Qb7 19. g4 {0-1 (55) Zhigalko,S (2678)-Wang,H (2729) Dubai 2014}) 13. Nd4 Qb6 (13... Bd7 $11) 14. f3 ({White should play} 14. Bxf6 $14 Bxf6 15. Nxc6 Qxc6 16. Qxd6 Qxd6 17. Rxd6) 14... Rac8 $15 15. g4 Rc7 16. Nce2 Bd7 {[#]} (16... Rec8 $11 {remains equal.}) 17. Ng3 (17. Be3 $1 $16 {Strongly threatening Nxe6!} Qb7 18. c3) 17... Rec8 $11 18. Nh5 e5 19. Bxf6 Bxf6 20. Nxf6+ gxf6 21. Nf5 (21. g5 $1 $11 exd4 22. gxf6) 21... Bxf5 $1 $15 22. gxf5 {[#] Threatening mate with Qh6.} Qc5 $2 {[%mdl 8192]} (22... Rxc2 $15 23. Qxc2 Rxc2 24. Kxc2 Qf2+ 25. Kb1 Kf8) 23. Qh6 $18 {Intending Rg1+ and mate.} Qxc2+ 24. Ka1 {White wants to mate with Rg1+.} Qg2 25. Rg1 Rc2 26. Rxg2+ Rxg2 27. a3 {[%cal Ba2a3,Ba3b4][%mdl 32]} b4 28. axb4 Rcc2 29. Rxd6 {[%cal Rd6d8] White mates.} Rc8 30. Qxf6 a5 31. Rd8+ Rxd8 32. Qxd8+ {[%mdl 4096] Endgame KQ-KR} Kg7 33. f6+ Kh6 34. Qf8+ Kh5 35. Qxf7+ Rg6 36. Qxh7+ Kg5 37. f7 axb4 38. f8=Q {[%csl Gh7][%cal Rh2h4]} Rf6 39. Qhg7+ Rg6 40. Qxe5+ Kh4 41. Qfh8+ {Precision: White = 52%, Black = 30%.} 1-0

[Event "FIDE WCCC U12 2018"]
[Site "Santiago de Compostela"]
[Date "2018.11.04"]
[Round "1"]
[White "Maurizzi, Marc Andria"]
[Black "Fernandez Lopez, Pedro"]
[Result "1-0"]
[WhiteElo "2103"]
[BlackElo "1572"]
[Annotator "ChessBase"]
[PlyCount "71"]
[EventDate "2018.11.04"]
[EventType "swiss"]
[EventCountry "ESP"]
[SourceTitle "playchess.com"]
[Source "ChessBase"]
[SourceQuality "1"]
[TimeControl "40/5400+30:1800+30"]

1. e4 {[%emt 0:00:00]} d5 {[%emt 0:00:00]} 2. exd5 {[%emt 0:00:14]} Qxd5 {[%emt 0:01:16]} 3. Nc3 {[%emt 0:00:18]} Qd8 {[%emt 0:00:46]} 4. d4 {[%emt 0:01:06]} Nf6 {[%emt 0:03:44]} 5. Nf3 {[%emt 0:01:25]} Bg4 {[%emt 0:04:11]} 6. h3 {[%emt 0:02:08]} Bxf3 {[%emt 0:05:47]} 7. Qxf3 {[%emt 0:00:17]} c6 {[%emt 0:00:17]} 8. Qd3 {[%emt 0:01:25]} e6 {[%emt 0:05:57]} 9. g3 {[%emt 0:02:21]} Be7 {[%emt 0:05:05]} 10. Bg2 {[%emt 0:00:30]} Nbd7 {[%emt 0:02:07]} 11. O-O {[%emt 0:00:18]} O-O {[%emt 0:02:58]} 12. b3 {[%emt 0:00:59]} Nb6 {[%emt 0:06:41]} 13. Bb2 {[%emt 0:01:55]} Qc7 {[%emt 0:03:43]} 14. Ne2 {[%emt 0:03:34]} Rfd8 {[%emt 0:03:19]} 15. c4 {[%emt 0:01:20]} Rac8 {[%emt 0:05:41]} 16. Rfd1 {[%emt 0:00:19]} Nbd7 {[%emt 0:07:23]} 17. Rac1 {[%emt 0:04:40]} Qb6 {[%emt 0:04:49]} 18. Nf4 {[%emt 0:04:18]} Nf8 {[%emt 0:07:16]} 19. Qe2 {[%emt 0:02:07]} Ng6 {[%emt 0:02:00]} 20. Nd3 {[%emt 0:00:21]} Qa6 {[%emt 0:03:31]} 21. a3 h6 {[%emt 0:07:33]} 22. Nc5 {[%emt 0:09:23]} Qb6 {[%emt 0:04:09]} 23. b4 {[%emt 0:00:27]} Qc7 {[%emt 0:02:32]} 24. d5 {[%emt 0:03:47]} exd5 {[%emt 0:02:29]} 25. cxd5 {[%emt 0:01:01]} Nxd5 {[%emt 0:02:10]} 26. Ne6 {[%emt 0:01:56]} fxe6 {[%emt 0:00:52]} 27. Qxe6+ {[%emt 0:00:08]} Kh7 {[%emt 0:00:01]} 28. Rxd5 {[%emt 0:01:09]} Rxd5 {[%emt 0:02:43]} 29. Bxd5 {[%emt 0:00:06]} Qd8 {[%emt 0:00:27]} 30. Be4 {[%emt 0:00:13]} Bf6 {[%emt 0:01:46]} 31. Bxf6 {[%emt 0:00:24]} gxf6 {[%emt 0:00:07]} 32. Qf7+ {[%emt 0:00:11]} Kh8 {[%emt 0:00:29]} 33. Qxg6 {[%emt 0:00:09]} Rc7 {[%emt 0:00:17]} 34. Qxh6+ {[%emt 0:00:17]} Kg8 {[%emt 0:00:05]} 35. Qf4 {[%emt 0:00:35]} Rg7 {[%emt 0:00:32]} 36. Kg2 {[%emt 0:00:03]} 1-0